[Event "Østlandsserien 2018/2019, 4. div. E"]
[Site "Ås, Akershus NOR"]
[Date "2019.01.13"]
[Round "3"]
[White "Dienes, Tamas"]
[Black "Bø, Martin"]
[Result "0-1"]
[WhiteElo "1566"]
[BlackElo "1729"]
[PlyCount "63"]
[EventDate "2018.11.04"]
[WhiteTeam "OSS hobby"]
[BlackTeam "Follo 1"]

1. e4 c5 2. Nf3 d6 3. Nc3 g6 4. d4 cxd4 5. Nxd4 Nf6 6. Bc4 Bg7 7. Be3 O-O 8.
O-O Nc6 9. a3 Bd7 10. Rb1 Rc8 11. Ba2 Ne5 12. f3 Nc4 13. Bxc4 Rxc4 14. Qd3 Rc8
15. Rfd1 a6 16. a4 Be6 17. b3 Qc7 18. Nce2 d5 19. Nf4 dxe4 20. fxe4 Bg4 21. Nf3
Rfd8 22. Nd5 Nxd5 23. exd5 Qxc2 24. Qf1 Qe4 25. Re1 Qxd5 26. Red1 Qe6 27. Rxd8+
Rxd8 28. Qf2 Bxf3 29. Qxf3 Qxe3+ 30. Qxe3 Bd4 31. Qxd4 Rxd4 32. Rc1 0-1

[Event "Østlandsserien 2018/2019, 4. div. E"]
[Site "Ås, Akershus NOR"]
[Date "2019.01.13"]
[Round "3"]
[White "Kielland-Lund, Jon"]
[Black "Glendrange, Gunnar"]
[Result "0-1"]
[WhiteElo "1674"]
[BlackElo "1542"]
[Annotator "Stockfish 9 64 (60m)"]
[PlyCount "138"]
[EventDate "2018.11.04"]
[WhiteTeam "Follo 1"]
[BlackTeam "OSS hobby"]

{A29: English Opening: Four Knights Variation with  g3} 1. c4 e5 2. Nc3 Nf6 3.
Nf3 Nc6 4. g3 Bc5 5. Nxe5 Bxf2+ 6. Kxf2 Nxe5 7. e4 d6 8. d4 {last book move.
White threatens to win material: d4xe5} Nfg4+ $2 (8... Bg4 $5 9. Qd2 Ng6 $14)
9. Kg2 $16 Qf6 (9... Ng6 $142 $16) 10. Bf4 $4 {allows the opponent back into
the game} (10. Qe2 $142 {White had this great chance} Ng6 11. h3 $18) 10... Ng6
$14 11. Nd5 (11. Qd2 Nxf4+ 12. gxf4 Qh6 $11) 11... Nxf4+ 12. gxf4 Qg6 $2 (12...
Qd8 $142 13. f5 Nf6 $11) 13. Kf3 $4 {White loses the upper hand} (13. f5 $142
Ne3+ 14. Kf3 Nxf5 15. exf5 Qxf5+ 16. Ke3 $16) 13... Nxh2+ $1 $17 {Deflection:
e4} 14. Ke3 (14. Rxh2 Bg4+ {Deflection}) 14... Qg3+ (14... Ng4+ $5 15. Kf3 Nh2+
16. Kf2 Ng4+ 17. Kf3 Nf6 18. Nxf6+ Qxf6 $17) 15. Kd2 $15 Bg4 {Black threatens
to win material: Bg4xd1} (15... Nf3+ 16. Kc2 Kd8 $11) 16. Be2 $11 Qf2 (16...
Bxe2 $142 17. Kxe2 c6 18. Nc7+ Kd7 19. Nxa8 Ng4 $11 (19... Qxf4 $2 {is no good}
20. Qd3 Qg4+ 21. Kd2 Nf3+ 22. Kc2 $18)) 17. Rxh2 $4 {White lets it slip away} (
17. Nxc7+ $142 Kd7 18. Nxa8 Rxa8 19. Re1 Nf3+ 20. Kc3 Qe3+ 21. Qd3 Qxd3+ 22.
Bxd3 Nxe1 23. Rxe1 $14) 17... Qxh2 $17 18. Nxc7+ Kd7 (18... Ke7 19. Nxa8 Qxf4+
20. Kd3 Qg3+ 21. Kd2 Bxe2 22. Qxe2 Rxa8 23. Rh1 $19) 19. Nxa8 $17 Qxf4+ ({
Weaker is} 19... Rxa8 20. Kd3 Qh3+ 21. Kc2 $15) 20. Kd3 Qg3+ 21. Kd2 Qf2 22.
Kd3 Bxe2+ (22... h5 23. c5 Bxe2+ 24. Qxe2 Qxe2+ 25. Kxe2 Rxa8 26. Rf1 $17) 23.
Qxe2 Qxe2+ 24. Kxe2 Rxa8 25. b4 (25. Rh1 h6 $17) 25... b6 26. Rc1 (26. Rh1 h6
$17) 26... Rc8 27. Kd3 (27. Rh1 $5 $17) 27... h5 $19 28. Rf1 Ke7 29. Rf5 $2 (
29. Rh1 $142 g6 30. Rh2 $19) 29... g6 30. Rg5 h4 31. e5 $2 (31. Rg4 Rh8 32. Ke3
$19) 31... h3 32. exd6+ Kxd6 33. c5+ (33. Rg1 $19 {what else?}) 33... bxc5 34.
bxc5+ (34. dxc5+ {doesn't change the outcome of the game} Kc6 35. Rg1 $19)
34... Kd7 (34... Kc6 {makes it even easier for Black} 35. Rg1 Rh8 36. Ke4 $19)
35. Rg4 (35. Rg1 $19) 35... Rh8 36. Rg1 h2 37. Rh1 Ke6 38. Kc4 (38. Ke3 {the
only chance to get some counterplay} f5 39. Kf3 $19) 38... Rh4 39. Re1+ Kd7 40.
Rh1 a6 (40... g5 $142 {and Black wins} 41. Kd3 g4 $19) 41. Kd5 Rh5+ (41... g5
42. Ke5 f6+ 43. Kxf6 $19) 42. Kc4 (42. Ke4 {does not win a prize} Rh4+ 43. Kf3
Kc6 $19) 42... Kc6 (42... g5 43. Kd3 g4 44. Ke3 $19) 43. a3 (43. d5+ {the last
chance for counterplay} Rxd5 44. Rxh2 Rxc5+ 45. Kd3 Rd5+ 46. Kc4 $19) 43... Rh4
44. a4 (44. Kd3 {a last effort to resist the inevitable} f5 45. Ke3 $19) 44...
g5 45. a5 f5 46. Kd3 Kd5 47. Ke3 Rh3+ 48. Kf2 Kxd4 49. c6 Kd5 (49... Ke5 $142 {
secures victory} 50. c7 Rc3 51. Rxh2 Rxc7 $19) 50. c7 Rh8 (50... Rc3 $142 {
seems even better} 51. Rxh2 Rxc7 $19) 51. Rc1 (51. Rd1+ {doesn't get the bull
off the ice} Ke5 52. Kg2 Ke6 $19) 51... Rc8 (51... Ke6 52. Kg2 Kd7 53. c8=B+
Rxc8 54. Rd1+ Ke6 55. Kxh2 Rc2+ 56. Kg3 Rc3+ 57. Kf2 Ke5 58. Rb1 g4 59. Rb8 Kf4
60. Rb4+ Kg5 61. Rb8 g3+ 62. Kg2 Kg4 63. Rg8+ Kf4 64. Kh3 Rc1 65. Rb8 Rh1+ 66.
Kg2 Rh2+ 67. Kg1 Kf3 68. Rb1 Kg4 69. Rc1 f4 70. Rc4 Re2 71. Rb4 Kf3 72. Rb3+
Re3 73. Rb1 Re4 74. Rc1 Kg4 75. Kf1 f3 76. Rc2 Kf4 77. Rb2 g2+ 78. Kf2 Re2+ 79.
Rxe2 fxe2 80. Kxe2 g1=Q 81. Kd3 Qc5 82. Kd2 Qc4 83. Ke1 Ke3 84. Kd1 Qc8 85. Ke1
Qc1#) 52. Kg2 Kd6 53. Kxh2 (53. Rd1+ {there is nothing else anyway} Kxc7 54.
Kxh2 $19) 53... Rxc7 54. Rb1 Rc2+ 55. Kg3 Rc3+ 56. Kf2 Kd5 (56... g4 57. Re1 f4
58. Kf1 Kd5 59. Re2 Kd4 60. Rd2+ Ke3 61. Re2+ Kf3 62. Rf2+ Kg3 63. Rg2+ Kh3 64.
Rd2 f3 65. Rd7 Kg3 66. Ke1 Rc2 67. Kd1 Ra2 68. Rd3 Kg2 69. Rd2+ Rxd2+ 70. Kxd2
f2 71. Kc3 f1=Q 72. Kd4 Kf3 73. Kc3 Qb5 74. Kd4 g3 75. Kc3 g2 76. Kd4 g1=Q+ 77.
Kc3 Qc1+ 78. Kd4 Qa1#) 57. Rd1+ Ke4 58. Re1+ Kf4 59. Re6 Rc2+ 60. Kf1 (60. Kg1
{is not the saving move} g4 61. Rd6 Ke4 62. Rd1 f4 63. Re1+ Kd3 64. Ra1 f3 65.
Ra3+ Ke2 66. Kh2 f2 67. Ra1 f1=Q 68. Rxf1 Kxf1+ 69. Kg3 Rc4 70. Kh4 g3+ 71. Kg5
g2 72. Kf5 g1=Q 73. Ke5 Qg6 74. Kd5 Qe4+ 75. Kd6 Rc6+ 76. Kd7 Qe6+ 77. Kd8 Rc8#
) 60... Kf3 61. Ke1 g4 62. Rxa6 (62. Rd6 {cannot change what is in store for
White} g3 63. Rd3+ Kg4 64. Kf1 Kh3 65. Ke1 f4 66. Rd7 Ra2 67. Rh7+ Kg2 68. Kd1
f3 69. Rd7 f2 70. Rd2 Rxd2+ 71. Kxd2 f1=Q 72. Kc3 Qb5 73. Kd4 Kf3 74. Kc3 g2
75. Kd4 g1=Q+ 76. Kc3 Qc1+ 77. Kd4 Qa1#) 62... g3 63. Rg6 (63. Kd1 {hardly
improves anything} Ra2 64. Rg6 g2 65. Rg5 Ra1+ 66. Kc2 Ke4 67. a6 g1=Q 68. Rxg1
Rxg1 69. a7 Rg8 70. a8=Q+ Rxa8 71. Kb2 f4 72. Kc3 f3 73. Kb4 f2 74. Kc5 f1=Q
75. Kc6 Qa6+ 76. Kc5 Rc8+ 77. Kb4 Qb6+ 78. Ka3 Ra8#) 63... Ra2 (63... g2 64. a6
Ra2 65. a7 Rxa7 66. Kd2 Ra1 67. Kc3 f4 68. Rg5 g1=Q 69. Rxg1 Rxg1 70. Kd4 Kg3
71. Kc3 f3 72. Kd4 f2 73. Kc4 f1=Q+ 74. Kd5 Qd3+ 75. Ke6 Re1+ 76. Kf7 Qf5+ 77.
Kg8 Qg6+ 78. Kh8 Re8#) 64. a6 (64. Kd1 {does not help much} g2 65. Kc1 Ra4 66.
Kb2 Rg4 67. Rc6 g1=Q 68. Rc3+ Ke4 69. Rc4+ Kd5 70. Rxg4 fxg4 71. Kc3 g3 72. a6
g2 73. a7 Qxa7 74. Kb2 g1=Q 75. Kc3 Qc1+ 76. Kb4 Qc4#) 64... f4 (64... g2 65.
a7 Rxa7 66. Kd2 f4 67. Rg5 Ra1 68. Rg8 g1=Q 69. Rxg1 Rxg1 70. Kd3 Kg3 71. Kc2
f3 72. Kd3 f2 73. Kc4 f1=Q+ 74. Kd5 Qd3+ 75. Ke6 Re1+ 76. Kf7 Qd7+ 77. Kf6 Re6+
78. Kg5 Qb5#) 65. Rh6 (65. Kd1 {doesn't get the cat off the tree} g2 66. Kc1
g1=Q+ 67. Rxg1 Ra1+ 68. Kd2 Rxg1 69. a7 Ra1 70. Kd3 Rxa7 71. Kd4 Rd7+ 72. Kc3
Ke4 73. Kc4 f3 74. Kb5 Rd5+ 75. Ka4 f2 76. Kb4 Kd3 77. Ka3 Kc3 78. Ka2 f1=Q 79.
Ka3 Qa1#) 65... Ra1+ (65... g2 66. Rg6 Ke3 67. Kd1 f3 68. Kc1 f2 69. Re6+ Kf4
70. Kb1 f1=Q+ 71. Kxa2 Qc4+ 72. Kb2 g1=Q 73. Rf6+ Kg5 74. Rf5+ Kxf5 75. a7
Qgc1#) 66. Kd2 Kf2 67. Rf6 (67. a7 {doesn't change anything anymore} Rxa7 68.
Kd3 g2 69. Rg6 f3 70. Ke4 Ra4+ 71. Kd5 g1=Q 72. Rxg1 Kxg1 73. Ke6 f2 74. Kd5
f1=Q 75. Ke6 Re4+ 76. Kd5 Qd3+ 77. Kc6 Rc4+ 78. Kb5 Qb3+ 79. Ka6 Ra4#) 67... f3
68. Rh6 (68. Kc2 {does not save the day} g2 69. Rg6 g1=Q 70. Rxg1 Kxg1 71. a7
f2 72. a8=Q Rxa8 73. Kd3 f1=Q+ 74. Ke4 Qc4+ 75. Kf5 Ra5+ 76. Kg6 Qc6+ 77. Kh7
Ra7+ 78. Kh8 Qa8#) 68... g2 69. Rh2 (69. Rg6 {cannot change destiny} g1=Q 70.
Rxg1 Kxg1 71. a7 f2 72. a8=Q Rxa8 73. Kd3 f1=Q+ 74. Ke4 Qc4+ 75. Kf5 Ra5+ 76.
Kg6 Qc6+ 77. Kh7 Ra7+ 78. Kh8 Qa8#) 69... Rxa6 (69... Rxa6 70. Kc3 Kf1 71. Rh3
g1=Q 72. Rxf3+ Kg2 73. Rd3 Rc6+ 74. Kb2 Qc1+ 75. Ka2 Rc2+ 76. Kb3 Rb2+ 77. Ka4
Qc4+ 78. Ka3 Ra2#) 0-1

[Event "Østlandsserien 2018/2019, 4. div. C"]
[Site "Ås, Akershus NOR"]
[Date "2019.01.13"]
[Round "3"]
[White "Lund, Petter"]
[Black "Nedregård, Nils"]
[Result "0-1"]
[WhiteElo "1649"]
[BlackElo "1189"]
[PlyCount "78"]
[EventDate "2018.11.04"]
[WhiteTeam "Follo 2"]
[BlackTeam "OSS lilleputt"]

1. e4 {[%emt 0:00:00]} e5 2. Nf3 Nc6 3. Bb5 a6 4. Ba4 Nf6 5. Nc3 Be7 6. O-O b5
7. Bb3 O-O 8. d4 d6 9. dxe5 Nxe5 10. Nxe5 dxe5 11. Bg5 Nd7 12. Bxe7 Qxe7 13.
Bd5 Rb8 14. a3 Nf6 15. Qe2 Rd8 16. Rad1 Be6 17. Bxe6 Qxe6 18. Rd3 Rxd3 19. Qxd3
Qd6 20. Nd5 Rd8 21. Rd1 Nxd5 22. exd5 Qc5 23. b4 Qc4 24. Qxc4 bxc4 25. f3 c6
26. d6 f6 27. Kf2 Kf7 28. Ke3 Ke6 29. f4 Rxd6 30. Rxd6+ Kxd6 31. Ke4 exf4 32.
Kxf4 g6 33. Ke4 c5 34. h4 Kc6 35. g3 cxb4 36. axb4 Kb5 37. c3 Ka4 38. g4 Kb3
39. Kd4 h5 0-1

[Event "Østlandsserien 2018/2019, 4. div. C"]
[Site "Ås, Akershus NOR"]
[Date "2019.01.13"]
[Round "3"]
[White "Nesbakken, Eugen"]
[Black "Moberg, Jan Rune"]
[Result "0-1"]
[WhiteElo "1217"]
[BlackElo "1661"]
[PlyCount "60"]
[EventDate "2018.11.04"]
[WhiteTeam "OSS lilleputt"]
[BlackTeam "Follo 2"]

1. e4 e5 2. Nf3 d6 3. d4 Nd7 4. dxe5 dxe5 5. Bc4 c6 6. O-O Be7 7. Nc3 Ngf6 8.
Re1 O-O 9. Bb3 Qc7 10. Bg5 Nc5 11. Qe2 Ne6 12. Bd2 Nh5 13. g3 Nf6 14. h3 Nc5
15. Kg2 b5 16. a3 Bb7 17. Ba2 a5 18. Qf1 b4 19. axb4 axb4 20. Ne2 Ncxe4 21. g4
c5 22. Kg1 c4 23. b3 Nxd2 24. Nxd2 c3 25. Nc4 Qc6 26. Ng3 e4 27. f3 Bc5+ 28.
Kh2 exf3 29. Nf5 Qc7+ 30. Kh1 f2+ 0-1

[Event "Østlandsserien 2018/2019, 4. div. D"]
[Site "Ås, Akershus NOR"]
[Date "2019.01.13"]
[Round "3"]
[White "Dahl, Lasse"]
[Black "Rønbeck, Bjørn"]
[Result "0-1"]
[WhiteElo "1612"]
[BlackElo "1543"]
[PlyCount "40"]
[EventDate "2018.11.04"]
[WhiteTeam "Moss 4"]
[BlackTeam "Follo 3"]

1. e4 e5 2. Nc3 Nf6 3. f4 Nc6 4. fxe5 Nxe5 5. d4 Ng6 6. e5 Ng8 7. Nf3 h6 8. Bc4
Bb4 9. O-O N8e7 10. Ne4 d6 11. Bb3 dxe5 12. Bxf7+ $4 (12. c3 Ba5 13. Nfg5)
12... Kxf7 13. Nxe5+ $2 Kg8 14. Nf7 Qd5 15. Qf3 Bf5 16. Nxh6+ Rxh6 17. Bxh6
gxh6 18. c4 Qxc4 19. Rac1 Qd5 20. Rxc7 Rf8 0-1

[Event "Østlandsserien 2018/2019, 4. div. D"]
[Site "Ås, Akershus NOR"]
[Date "2019.01.13"]
[Round "3"]
[White "Lange, Magnus Øyvind"]
[Black "Nagelhus, Inge Chr."]
[Result "1/2-1/2"]
[WhiteElo "1393"]
[BlackElo "1582"]
[Annotator "Lea, Per"]
[PlyCount "72"]
[EventDate "2018.11.04"]
[WhiteTeam "Follo 3"]
[BlackTeam "Moss 4"]

1. e4 e5 2. Nf3 Nc6 3. Bc4 Bc5 4. c3 Nge7 5. d3 d5 6. exd5 Nxd5 7. Bb5 O-O 8.
O-O Nde7 9. h3 a6 10. Bxc6 Nxc6 11. b4 Bb6 12. Bb2 Bf5 13. Re1 Re8 14. d4 e4
15. Nfd2 Qg5 16. g4 e3 17. Nf3 Bxg4 18. Nxg5 exf2+ 19. Kxf2 Bxd1 20. Rxd1 Re5
21. Nf3 Rf5 22. Kg2 Re8 23. Re1 Rxe1 24. Nxe1 Rg5+ 25. Kh2 Ne7 26. Nd2 c6 27.
h4 Rg6 28. Nef3 Nf5 29. Rg1 Bc7+ 30. Kh3 Rh6 31. Nf1 Bd8 32. Bc1 Re6 33. Bg5 f6
34. Kg4 fxg5 35. Kxf5 Rf6+ 36. Kg4 gxh4 {Hvit har avgjørende fordel, men
valgte å ta remis for å sikre lagseieren - forøvrig den eneste remisen blant
dagens 12 partier} 1/2-1/2

[Event "Østlandsserien 2018/2019, 4. div. D"]
[Site "Ås, Akershus NOR"]
[Date "2019.01.13"]
[Round "3"]
[White "Aasen, Oddvar"]
[Black "Aamodt, Peder Marcus"]
[Result "0-1"]
[WhiteElo "1446"]
[BlackElo "1384"]
[Annotator "Aamodt, Peder Marcus"]
[PlyCount "94"]
[EventDate "2018.11.04"]
[WhiteTeam "Moss 4"]
[BlackTeam "Follo 3"]

1. Nc3 e5 2. Nf3 Nc6 3. e4 Nf6 4. d4 exd4 5. Nxd4 Bb4 6. Nxc6 bxc6 7. Bd3 d6 8.
h3 {går ut av teorien} h6 9. Bd2 O-O 10. Ne2 Bc5 11. Nf4 g5 $6 {her kunne jeg
spilt} (11... Nxe4 12. Bxe4 Re8 13. O-O Rxe4 {hvor jeg har en liten fordel})
12. Nh5 Re8 13. Ng3 d5 14. Qf3 $4 {taper offiser etter} dxe4 15. Nxe4 Nxe4 16.
Bxe4 f5 17. O-O-O Rxe4 18. Bc3 Qe7 19. Rhe1 Bd6 20. Qh5 Kh7 21. Rxe4 fxe4 {ikke
} (21... Qxe4 22. Qf7#) 22. g3 g4 23. hxg4 Qg5+ 24. Qxg5 hxg5 25. Rh1+ Kg6 26.
Rh8 Bb7 27. Rh2 {vil selvfølgelig ikke bytte tårn} (27. Rxa8 Bxa8 28. Kd2 Bc5
29. Ke2 Bb7 30. Be5 Bc8 31. Bxc7 Bxg4+ 32. Ke1 e3 33. fxe3 Bxe3) 27... Re8 28.
Bd4 c5 29. Be3 a6 30. Rh5 Be7 31. b3 Bc8 32. Rh1 Bxg4 33. c4 Rd8 34. Kc2 Rd3
35. Re1 Bd6 36. Bd2 Bf3 37. Kc1 {prøver å ikke la meg komme inn i stillingen}
Be5 38. Kc2 Bd4 39. Be3 Bxe3 40. fxe3 Rd1 $1 {knusende} 41. Rxd1 Bxd1+ 42. Kxd1
Kf5 43. Ke2 Kg4 44. Kf2 Kh3 45. a3 a5 46. a4 c6 47. Kg1 Kxg3 0-1

[Event "Østlandsserien 2018/2019, 4. div. E"]
[Site "Fredrikstad, Østfold NOR"]
[Date "2019.02.10"]
[Round "4"]
[White "Kielland-Lund, Jon"]
[Black "Kro, Andreas Fuskeland"]
[Result "1/2-1/2"]
[WhiteElo "1653"]
[BlackElo "1354"]
[Annotator "Kielland-Lund, Jon"]
[PlyCount "51"]
[EventDate "2018.11.04"]
[WhiteTeam "Follo 1"]
[BlackTeam "Fredriksstad 3"]

1. c4 c5 2. Nf3 Nf6 3. d4 cxd4 4. Nxd4 Nc6 5. Nc3 e5 6. Ndb5 d6 {Lb4 er
sannsynligvis bedre} 7. Bg5 {Mulig var Sd5} a6 8. Na3 Be7 9. e3 {last book move
} Bf5 10. Bxf6 (10. Bd3 Be6 $11) 10... Bxf6 $11 {Black has the pair of bishops}
({Instead of} 10... gxf6 11. e4 Be6 12. Nc2 $14) 11. Nd5 {A beautiful square!}
(11. Be2 e4 $15) 11... O-O {Black castles and improves king safety} (11... Qa5+
12. Qd2 Qxd2+ 13. Kxd2 $15) 12. Be2 (12. Nb1 e4 13. Nbc3 Be5 $11) 12... Qa5+ (
12... e4 13. Qd2 $11) 13. Qd2 $11 Qxd2+ 14. Kxd2 {White loses the right to
castle} Bd8 15. Nb1 Re8 (15... Be6 16. Nbc3 $11) 16. Nbc3 Rc8 (16... Ne7 17.
Nxe7+ Rxe7 18. Rhd1 $14) 17. f3 {Consolidates e4+g4} (17. Rhd1 Ne7 $11) 17...
Be6 18. b4 Ne7 19. Rac1 (19. Rhc1 f5 $11) 19... Bxd5 (19... f5 20. g4 $11) 20.
Nxd5 $11 Nxd5 21. cxd5 {Opposite coloured bishops appeared} Bb6 22. g4 g6 23.
Bd3 Rxc1 24. Rxc1 Re7 (24... a5 25. bxa5 Bxa5+ 26. Ke2 $11) 25. Rc8+ $14 Kg7
26. h4 {Med remistilbud. Så ikke hvordan man kommer videre. Stockfish9
forsøker med operasjoner på dronningfløyen, med 0.25 fordel.} 1/2-1/2

[Event "Østlandsserien 2018/2019, 4. div. E"]
[Site "Fredrikstad, Østfold NOR"]
[Date "2019.02.10"]
[Round "4"]
[White "Aarsheim, Geir Arne"]
[Black "Strand, Vetle Bjørge"]
[Result "1/2-1/2"]
[WhiteElo "1534"]
[BlackElo "1449"]
[PlyCount "89"]
[EventDate "2018.11.04"]
[WhiteTeam "Follo 1"]
[BlackTeam "Fredriksstad 3"]

1. e4 e5 2. Nf3 Nc6 3. Bb5 a6 4. Ba4 b5 5. Bb3 Nf6 6. d3 d6 7. h3 h6 8. Nc3 Be7
9. a3 O-O 10. Be3 Be6 11. Nd5 Re8 12. Qd2 a5 13. O-O a4 14. Ba2 Nb8 15. Nh4
Nxe4 16. dxe4 Bxh4 17. f4 exf4 18. Nxf4 Bxa2 19. Rxa2 Rxe4 20. Qd5 Rxe3 21.
Qxa8 c6 22. Qa7 Qe8 23. Raa1 Bf6 24. Nd3 c5 25. Rae1 Bd4 26. Kh1 Nc6 27. Qc7 c4
28. Rxe3 Bxe3 29. Nb4 Nxb4 30. axb4 Bd4 31. c3 Be5 32. Re1 f6 33. Qxd6 Qg6 34.
Qe6+ Kh7 35. Qd5 Qg3 36. Qe4+ Kg8 37. Qa8+ Kh7 38. Qe4+ Kg8 39. Qa8+ Kf7 40.
Qb7+ Ke6 41. Qc8+ Kf7 42. Qb7+ Kg6 43. Qe4+ Kf7 44. Qb7+ Bc7 45. Qd5+ 1/2-1/2

[Event "Østlandsserien 2018/2019, 4. div. E"]
[Site "Fredrikstad, Østfold NOR"]
[Date "2019.02.10"]
[Round "4"]
[White "Høiom, Jonas"]
[Black "Olsen, Trygve"]
[Result "1-0"]
[WhiteElo "1311"]
[BlackElo "1485"]
[PlyCount "143"]
[EventDate "2018.11.04"]
[WhiteTeam "Fredriksstad 3"]
[BlackTeam "Follo 1"]

1. c4 c5 2. Nc3 e5 3. Nf3 d6 4. g3 Nf6 5. Bg2 Nc6 6. d3 h6 7. O-O g5 8. Nd2 Bg7
9. Nde4 Nxe4 10. Nxe4 f5 11. Nc3 f4 12. Be4 O-O 13. Nd5 Ne7 14. Qb3 Rb8 15. Qc2
Nf5 16. b3 Nd4 17. Qd1 Bh3 18. Bg2 g4 19. Bxh3 gxh3 20. e3 Nf5 21. exf4 exf4
22. Bxf4 Bxa1 23. Qxa1 Nd4 24. Qd1 Qe8 25. Qg4+ Kh7 26. Bxd6 Nf3+ 27. Kh1 Ng5
28. Bxf8 Qf7 29. f4 Rxf8 30. Re1 Kh8 31. Re7 Qg6 32. Qe2 Nf7 33. Qb2+ Qg7 34.
Qxg7+ Kxg7 35. Rxb7 Re8 36. Re7 Ra8 37. Rc7 Kf8 38. Rxc5 Re8 39. Kg1 Re1+ 40.
Kf2 Rh1 41. Rc8+ Kg7 42. Re8 Rxh2+ 43. Kf3 Rxa2 44. Re1 h5 45. Ke4 Kg6 46. Ne7+
Kf6 47. Nf5 h2 48. Nd4 Nd6+ 49. Kd5 Nf5 50. Nxf5 Kxf5 51. Rc1 Kg4 52. c5 Kxg3
53. c6 Rc2 54. Rxc2 h1=Q+ 55. Kd6 Qf3 56. Rc5 Qxd3+ $4 57. Rd5 Qg6+ 58. Kc5 h4
59. Rg5+ Qxg5+ 60. fxg5 h3 61. c7 h2 62. c8=Q h1=Q 63. Kb5 Qf1+ 64. Qc4 Qf5+
65. Qc5 a6+ 66. Kc6 Qf3+ 67. Qd5 Qc3+ 68. Kd6 Qb4+ 69. Ke6 Qg4+ 70. Qf5 Qh5 71.
g6 Qh8 72. Qe5+ 1-0

[Event "Østlandsserien 2018/2019, 4. div. C"]
[Site "Fredrikstad, Østfold NOR"]
[Date "2019.02.10"]
[Round "4"]
[White "Lea, Per"]
[Black "Livendahl, Rolf"]
[Result "1-0"]
[WhiteElo "1739"]
[BlackElo "1736"]
[Annotator "Lea,Per"]
[PlyCount "75"]
[EventDate "2018.11.04"]
[WhiteTeam "Follo 2"]
[BlackTeam "Fredriksstad 2"]

1. e4 e5 2. Nf3 Nc6 3. Bb5 d6 4. O-O Be7 5. c3 Nf6 6. Re1 O-O 7. h3 a6 8. Ba4
h6 9. d4 exd4 10. cxd4 Nh7 11. Nc3 Ng5 ({Jeg hadde fryktet} 11... f5 {men
Stockfish mener at det er ufarlig etter} 12. exf5 Bxf5 13. Qb3+ Kh8 14. Qxb7 {
Det bonderovet hadde jeg rett og slett ikke sett, men er det verdt en bonde å
sette madam'en off-side på den måten? Kanskje - hun kommer fort on-side:} Na5
15. Qd5 {og svart har ikke noe bedre enn} c6 (15... c5 $2 16. dxc5 dxc5 17. g4
Bd3 (17... Ng5 18. gxf5) (17... Bg6 18. Ne5 Be8) 18. Ne5 Ng5 19. Kg2 c4 20. f4
Nh7 21. Ne4 Qb6 (21... Qxd5 22. Ng6+ Kg8 23. Nxe7+ Kh8 24. Nxd5) 22. Bc6 Bxe4+
{Eneste måten å dekke opp for de to truslene kvalitetsvinst på a8 og
springermatt på g6}) 16. Bxc6 Nxc6 17. Qxc6) (11... Bf6) 12. Nxg5 (12. Nh2) ({
og} 12. Be3 {var bedre alternativer}) 12... Bxg5 13. f4 Bh4 14. Re3 Ne7 15. Qh5
({Jeg tenkte lenge på} 15. g3 Bf6 16. e5 {men fryktet} Nf5 {Men det var det
ingen grunn til:} 17. exf6 Nxe3 18. Bxe3 Qxf6 19. g4 {skal være klart
fordelaktig for hvit}) 15... Nc6 {Her viste klokka mi 0:47, svarts 1:31. Han
hadde altså brukt mindre enn 30 sekunder i gjennomsnitt på sine trekk.} 16. Rd3
({Skarpere var} 16. d5 Nd4 (16... Na5 17. e5) 17. Rd3 Bf6) ({Her vurderte jeg
også} 16. Qd1 {for å invitere til trekkgjentakelse, noe som skjedde i vårt
møte i Østlandsseriens 3. runde 17. januar 2016, da i en sicilianer.}) 16...
Bf6 (16... f5 {stiller hvit overfor større problemer}) 17. Be3 b5 18. Bd1 {Ser
paradoksalt ut, men både på b3 og c2 ville den blitt plaget av svarte
springertrekk til a5 eller b4} Re8 19. a3 {For å hindre springerutfall til b4,
men altfor forsiktig} ({Nå hadde} 19. Bb3 {vært sterkt:} Rf8 20. Rf1 Na5 21. e5
Nxb3 22. exf6 Qxf6 23. Nd5 Qe6 24. Rxb3 {men så langt så jeg aldri, den eneste
tanken jeg hadde i hodet var at hvitsfeltløperen skulle beholdes.}) 19... Na5
20. b3 c6 21. Bc2 Be6 22. e5 Be7 23. Ne4 Nb7 24. f5 Bd5 25. Nc3 (25. Bxh6 $3)
25... Bg5 26. Nxd5 cxd5 27. Bxg5 Qxg5 28. Qxg5 hxg5 29. Re1 Rac8 30. Re2 dxe5
31. dxe5 Rcd8 32. Rd4 Rd6 33. b4 Kf8 34. Bb3 Red8 35. Red2 a5 $2 36. Rxd5 Rxd5
37. Rxd5 Rxd5 38. Bxd5 1-0

[Event "Østlandsserien 2018/2019, 4. div. C"]
[Site "Fredrikstad, Østfold NOR"]
[Date "2019.02.10"]
[Round "4"]
[White "Nordtug, Per Øistein"]
[Black "Lund, Petter"]
[Result "1-0"]
[WhiteElo "1459"]
[BlackElo "1616"]
[PlyCount "79"]
[EventDate "2018.11.04"]
[WhiteTeam "Fredriksstad 2"]
[BlackTeam "Follo 2"]

1. c4 Nf6 2. Nc3 e5 3. Nf3 Nc6 4. g3 d6 5. Bg2 Be7 6. O-O O-O 7. Rb1 a6 8. b4
h6 9. d3 Rb8 10. a4 Nd4 11. Nxd4 exd4 12. Nd5 Nxd5 13. Bxd5 b5 14. cxb5 axb5
15. a5 Bb7 16. Qb3 c6 17. a6 Ba8 18. a7 Rb6 19. Bg2 Ra6 20. Bb2 Rxa7 21. Bxd4
c5 22. bxc5 Bxg2 23. cxd6 Qxd6 24. Bxa7 Bxf1 25. Kxf1 Ra8 26. Be3 b4 27. f3 Ra3
28. Qc4 Rc3 29. Bf4 Qd7 30. Qe4 Ra3 31. Bd2 Qa7 32. Bxb4 Ra1 33. Rxa1 Qxa1+ 34.
Kg2 Bf6 35. Qe8+ Kh7 36. Qxf7 Bd4 37. Kh3 Qf1+ 38. Kg4 Qxe2 39. Qf5+ Kg8 40.
Qd5+ 1-0